[Event "Chile-ch Absolute 2018-19"]
[Site "Santiago"]
[Date "2019.02.22"]
[Round "3.4"]
[White "Olivares Olivares, Claudio"]
[Black "Lopez Silva, Hugo"]
[Result "1/2-1/2"]
[WhiteElo "2387"]
[BlackElo "2413"]
[Annotator "TA"]
[PlyCount "91"]
[EventDate "2019.02.20"]
[EventType "tourn"]
[EventCountry "CHI"]
[SourceTitle "playchess.com"]
[Source "ChessBase"]
[SourceQuality "1"]

{[%evp 23,91,46,48,47,47,42,45,31,45,25,20,8,51,45,45,36,45,32,39,33,39,27,71,79,84,77,68,21,45,35,58,0,0,6,21,21,21,20,21,21,21,21,41,41,41,11,10,8,56,53,37,22,21,0,0,0,0,0,0,0,-1,-118,0,0,0,-114,0,0,0,-111]} 1. e4 e5 2. Nf3 Nc6 3. Bb5 {[%cal Bf1b5,Bb5a4,Ba4b3][%mdl 32]} a6 4. Ba4 Nge7 5. O-O g6 6. c3 Bg7 7. d4 exd4 8. cxd4 b5 {C60: Ruy Lopez: Unusual Black 3rd moves and 3...g6} 9. Bb3 O-O 10. d5 (10. Nc3 d6 11. h3 Na5 12. Bc2 c5 13. dxc5 dxc5 14. Qxd8 Rxd8 {0-1 (65) Vachier Lagrave,M (2789)-Mamedyarov,S (2808) Leuven 2018}) 10... Na5 11. Bd2 c5 12. Bc3 d6 {LiveBook: 5 Games} 13. Bxg7 Kxg7 14. Bc2 {[#]} Ng8 $146 ({Predecessor:} 14... Bg4 15. h3 Bxf3 16. Qxf3 {1-0 (67) Sedlak,N (2518)-Nabaty,T (2644) Palic 2016}) 15. Nbd2 Bg4 16. h3 Bxf3 17. Nxf3 Re8 18. b3 Nf6 19. Re1 Nd7 20. Qd2 Rc8 21. Nh2 Nb7 22. Ng4 Qh4 23. a4 b4 24. Bd3 Ra8 25. Qe2 c4 26. Bxc4 Nbc5 27. f3 ({Better is} 27. Qb2+ $14 f6 28. f3) 27... f5 $11 28. Qb2+ Kg8 (28... Kf7 {is more complex.} 29. Qf2 Qxf2+ 30. Nxf2 fxe4 31. Nxe4 Nxe4 32. Rxe4 Rxe4 33. fxe4 Nc5) 29. Qf2 Qxf2+ 30. Nxf2 fxe4 31. Nxe4 Nxe4 32. Rxe4 Rxe4 33. fxe4 {[%mdl 4096] Endgame KRB-KRN} a5 34. Bb5 Nc5 $1 {[%csl LRb3,LRe4]} 35. e5 {Threatening e6.} dxe5 36. d6 Rd8 37. Rc1 Ne4 $1 38. d7 {[#] Threatens to win with Rc8.} Nc3 39. Rc2 Kf7 40. Bc6 Ke7 41. Rd2 Rf8 42. Rf2 (42. g3 $11 {remains equal.}) 42... Rd8 43. Rd2 Rf8 44. Rf2 {[#] Hoping for Rxf8.} Rd8 45. Rd2 Rf8 46. Rf2 {Precision: White = 57%, Black = 46%.} 1/2-1/2

[Event "Chile-ch Absolute 2018-19"]
[Site "Santiago"]
[Date "2019.02.22"]
[Round "3.5"]
[White "Tapia Fuentes, Jaime"]
[Black "Abarca Gonzalez, Nicolas"]
[Result "0-1"]
[WhiteElo "2259"]
[BlackElo "2418"]
[Annotator "TA"]
[PlyCount "78"]
[EventDate "2019.02.20"]
[EventType "tourn"]
[EventCountry "CHI"]
[SourceTitle "playchess.com"]
[Source "ChessBase"]
[SourceQuality "1"]

{[%evp 21,78,25,34,26,32,5,22,8,18,0,8,-56,-58,-75,-67,-76,19,27,30,-54,-40,-66,-44,-175,-155,-214,-195,-479,-469,-625,-616,-614,-595,-740,-789,-763,-741,-959,-716,-719,-661,-2109,-816,-843,-816,-29992,-29993,-29993,-29994,-29994,-29991,-29991,-29986,-29986,-29987,-29993,-29947,-29998,-29999]} 1. e4 c6 2. d4 d5 3. exd5 cxd5 4. Bd3 Nc6 5. c3 Nf6 6. h3 g6 7. Nf3 Bf5 8. O-O Bg7 9. Bxf5 gxf5 10. Bf4 O-O 11. Nbd2 {[%cal Bb1d2,Bd2b3,Bb3c5][%mdl 32]} Ne4 12. Ne1 {B13: Caro-Kann: Exchange Variation and Panov-Botvinnik Attack} b5 (12... e6 13. Nd3 Ne7 14. Nf3 Ng6 15. Bh2 Kh8 16. Nfe5 Nxe5 17. Nxe5 Qh4 18. f3 Ng5 19. Qe1 Qxe1 20. Rfxe1 {0-1 (45) Gao,R (2561)-Bao,Q (2430) Hangzhou 2018}) 13. Nb3 $146 ({Predecessor:} 13. a3 a5 14. f3 Nxd2 15. Qxd2 Qb6 16. Kh1 b4 17. a4 bxc3 18. bxc3 Nb8 19. Nd3 Nd7 {1-0 (60) Bode,W-Wichmann,M Cologne 1990}) 13... a5 {[%cal Ba7a5,Ba5a4,Ba4a3][%mdl 32]} 14. f3 {The position is equal.} Nd6 15. Bxd6 Qxd6 16. Qd3 (16. a4 $11) 16... a4 $15 17. Nc5 e5 $36 {[%cal Re5d4][%mdl 2048] Black has the initiative.} 18. Nc2 $1 e4 (18... exd4 $17 19. cxd4 Nxd4 $1 {[%mdl 576] Remove Defender} 20. Nxd4 Qxc5) 19. Qd2 $11 ({Of course not} 19. Qxb5 Rfb8 $17) 19... Ne7 20. Nb4 ({White should play} 20. Qf2 $11) 20... a3 $15 21. b3 Kh8 22. Nc2 (22. f4 $15) 22... Bh6 $19 23. f4 (23. Qf2 $17) 23... Rg8 24. Rf2 $2 (24. Kh2 {only move.} Qg6 25. Kh1) 24... Rg3 25. Raf1 Rag8 26. Kh1 {intending Ne3.} Ng6 {[%cal Be7g6,Bg6h4,Bh4f3][%mdl 32] Strongly threatening ...Nxf4.} 27. Ne3 Nh4 28. c4 bxc4 29. bxc4 dxc4 30. Nxc4 Qg6 {[%cal Rh4g2]} 31. Ne3 {[#]} Qh5 (31... Nf3 $142 $1 {[%mdl 512]} 32. Qd1 (32. gxf3 Rg1+) 32... Bxf4) 32. Qe2 {[#]} Nf3 $1 {[%mdl 512]} 33. gxf3 Bxf4 {Black mates.} 34. Rh2 Rxh3 35. Rff2 Bxh2 36. Rxh2 Rxh2+ 37. Qxh2 Qxf3+ {[%mdl 64] Double Attack} 38. Ng2 Rg3 39. Kg1 Qd1+ {[%mdl 64] Double Attack. Accuracy: White = 15%, Black = 74%.} 0-1

[Event "Chile-ch Absolute 2018-19"]
[Site "Santiago"]
[Date "2019.02.22"]
[Round "3.6"]
[White "Aguirre Contreras, Cristian"]
[Black "Cuevas Araya, Walter"]
[Result "1-0"]
[WhiteElo "2252"]
[BlackElo "2187"]
[Annotator "NA"]
[PlyCount "71"]
[EventDate "2019.02.20"]
[EventType "tourn"]
[EventCountry "CHI"]
[SourceTitle "playchess.com"]
[Source "ChessBase"]
[SourceQuality "1"]
[TimeControl "5400+30"]

1. Nf3 {[%emt 0:00:00]} d5 {[%emt 0:03:07]} 2. g3 {[%emt 0:00:04]} Nf6 {[%emt 0:01:36]} 3. Bg2 {[%emt 0:00:08]} g6 {[%emt 0:00:23]} 4. O-O {[%emt 0:01:38]} Bg7 {[%emt 0:00:02]} 5. d4 {[%emt 0:02:04]} O-O {[%emt 0:00:47]} 6. b3 {[%emt 0:00:15]} c6 {[%emt 0:03:50]} 7. c4 {[%emt 0:01:06]} e6 {[%emt 0:07:39]} 8. Bb2 {[%emt 0:05:26]} Nbd7 {[%emt 0:05:45]} 9. Qc2 {[%emt 0:09:15]} Ne4 {[%emt 0:00:58]} 10. Nfd2 {[%emt 0:01:15]} f5 {[%emt 0:00:29]} 11. f3 {[%emt 0:10:26]} Nxd2 {[%emt 0:06:55]} 12. Nxd2 {[%emt 0:00:26]} Nf6 {[%emt 0:00:51]} 13. Rae1 {[%emt 0:05:06]} Bd7 {[%emt 0:03:35]} 14. e4 {[%emt 0:01:28]} Rc8 {[%emt 0:05:14]} 15. e5 {[%emt 0:05:04]} Ne8 {[%emt 0:02:15]} 16. f4 {[%emt 0:01:35]} b5 {[%emt 0:03:02]} 17. Ba3 {[%emt 0:01:48]} Rf7 {[%emt 0:00:11]} 18. Bc5 {[%emt 0:02:49]} Qc7 {[%emt 0:05:23]} 19. Rc1 {[%emt 0:01:55]} Qb7 {[%emt 0:00:00]} 20. cxb5 {[%emt 0:05:41]} cxb5 {[%emt 0:00:00]} 21. b4 {[%emt 0:00:31]} Nc7 {[%emt 0:03:49]} 22. Rf3 {[%emt 0:08:38]} Na6 {[%emt 0:00:08]} 23. Rc3 {[%emt 0:00:19]} Nxc5 {[%emt 0:02:52]} 24. dxc5 {[%emt 0:02:07]} Bc6 {[%emt 0:01:11]} 25. Nb3 {[%emt 0:00:08]} Qd7 {[%emt 0:02:16]} 26. Nd4 {[%emt 0:00:22]} Qe8 {[%emt 0:00:15]} 27. Ra3 {[%emt 0:00:34]} g5 {[%emt 0:01:57]} 28. Kh1 {[%emt 0:05:56]} gxf4 {[%emt 0:02:21]} 29. gxf4 {[%emt 0:00:03]} Bh6 {[%emt 0:00:08]} 30. Qf2 {[%emt 0:00:14]} Bf8 {[%emt 0:06:18]} 31. Ra6 {[%emt 0:00:54]} Rg7 {[%emt 0:00:26]} 32. Bf1 {[%emt 0:02:20]} Rcc7 {[%emt 0:03:42]} 33. Rxc6 {[%emt 0:02:08]} Rxc6 {[%emt 0:00:13]} 34. Bxb5 {[%emt 0:00:08]} Rgc7 {[%emt 0:00:23]} 35. Rg1+ {[%emt 0:00:23]} Kh8 {[%emt 0:00:34]} 36. Bxc6 {[%emt 0:01:20]} 1-0

[Event "Chile-ch Absolute 2018-19"]
[Site "Santiago"]
[Date "2019.02.22"]
[Round "4.1"]
[White "Gasic Merino, Franco"]
[Black "Cuevas Araya, Walter"]
[Result "1-0"]
[WhiteElo "2189"]
[BlackElo "2187"]
[Annotator "NA"]
[PlyCount "85"]
[EventDate "2019.02.20"]
[EventType "tourn"]
[EventCountry "CHI"]
[SourceTitle "playchess.com"]
[Source "ChessBase"]
[SourceQuality "1"]
[TimeControl "5400+30"]

1. d4 {[%emt 0:00:00]} Nf6 {[%emt 0:00:00]} 2. g3 {[%emt 0:00:00]} g6 {[%emt 0:00:30]} 3. Bg2 {[%emt 0:00:00]} Bg7 {[%emt 0:00:13]} 4. e4 {[%emt 0:00:00]} d6 {[%emt 0:00:06]} 5. Ne2 {[%emt 0:00:00]} O-O {[%emt 0:01:24]} 6. O-O {[%emt 0:00:00]} e5 {[%emt 0:00:10]} 7. Nbc3 {[%emt 0:00:00]} c6 {[%emt 0:00:19]} 8. a4 {[%emt 0:00:10]} a5 {[%emt 0:00:42]} 9. h3 {[%emt 0:00:17]} Qc7 {[%emt 0:03:23]} 10. Be3 {[%emt 0:00:22]} b6 {[%emt 0:00:49]} 11. Qd2 {[%emt 0:02:01]} Re8 {[%emt 0:00:04]} 12. Rad1 {[%emt 0:01:49]} Nbd7 {[%emt 0:01:10]} 13. g4 {[%emt 0:06:25]} Bf8 {[%emt 0:22:07]} 14. Ng3 {[%emt 0:01:00]} Ba6 {[%emt 0:00:13]} 15. Rfe1 {[%emt 0:00:14]} Red8 {[%emt 0:03:49]} 16. g5 {[%emt 0:02:37]} Ne8 {[%emt 0:00:05]} 17. f4 {[%emt 0:01:27]} Bg7 {[%emt 0:01:35]} 18. Qf2 {[%emt 0:09:37]} Rab8 {[%emt 0:02:20]} 19. h4 {[%emt 0:04:46]} Nf8 {[%emt 0:10:20]} 20. dxe5 {[%emt 0:03:47]} dxe5 {[%emt 0:00:33]} 21. Rxd8 {[%emt 0:00:18]} Qxd8 {[%emt 0:00:36]} 22. Rd1 {[%emt 0:00:17]} Qc7 {[%emt 0:00:27]} 23. f5 {[%emt 0:00:13]} Nd7 {[%emt 0:02:10]} 24. Bh3 {[%emt 0:01:42]} Bc8 {[%emt 0:13:34]} 25. h5 {[%emt 0:02:21]} Nc5 {[%emt 0:03:08]} 26. b3 {[%emt 0:10:33]} Bf8 {[%emt 0:00:48]} 27. Kh2 {[%emt 0:00:37]} Ng7 {[%emt 0:06:14]} 28. Qf3 {[%emt 0:06:57]} Bd6 {[%emt 0:03:21]} 29. hxg6 {[%emt 0:18:07]} hxg6 {[%emt 0:00:29]} 30. fxg6 {[%emt 0:03:23]} fxg6 {[%emt 0:06:23]} 31. Bxc8 {[%emt 0:00:29]} Rxc8 {[%emt 0:00:11]} 32. Qf6 {[%emt 0:00:27]} Bf8 {[%emt 0:01:05]} 33. Rf1 {[%emt 0:03:04]} Qe7 {[%emt 0:05:57]} 34. Qxg6 {[%emt 0:01:06]} Qe8 {[%emt 0:00:04]} 35. Qf6 {[%emt 0:02:05]} Nd7 {[%emt 0:03:33]} 36. Qf3 {[%emt 0:00:48]} Bb4 {[%emt 0:00:57]} 37. Nce2 {[%emt 0:01:04]} Qg6 {[%emt 0:01:20]} 38. Qg4 {[%emt 0:02:38]} Ne6 {[%emt 0:00:53]} 39. Rf6 {[%emt 0:02:08]} Nxf6 {[%emt 0:00:32]} 40. Qxe6+ {[%emt 0:00:10]} Kh7 {[%emt 0:00:49]} 41. Qh3+ {[%emt 0:01:26]} Kg8 {[%emt 0:02:10]} 42. Qxc8+ {[%emt 0:00:12]} Ne8 {[%emt 0:00:03]} 43. Qf5 {[%emt 0:02:09]} 1-0

[Event "Chile-ch Absolute 2018-19"]
[Site "Santiago"]
[Date "2019.02.22"]
[Round "4.2"]
[White "Abarca Gonzalez, Nicolas"]
[Black "Aguirre Contreras, Cristian"]
[Result "1/2-1/2"]
[WhiteElo "2418"]
[BlackElo "2252"]
[Annotator "TA"]
[PlyCount "110"]
[EventDate "2019.02.20"]
[EventType "tourn"]
[EventCountry "CHI"]
[SourceTitle "playchess.com"]
[Source "ChessBase"]
[SourceQuality "1"]

{[%evp 23,110,10,14,10,13,8,21,27,75,98,100,65,40,55,197,182,506,493,635,536,545,515,629,127,128,127,127,127,137,138,135,136,155,160,144,156,153,142,169,162,166,156,167,155,152,143,130,118,118,47,47,0,33,24,18,0,0,0,0,-8,-8,-115,12,-8,8,8,8,-12,1,-1950,-1456,-1268,-13,-13,0,0,0,0,0,0,0,0,0,-362,0,0,0,0,0]} 1. e4 c5 2. Nf3 Nc6 3. d4 cxd4 4. Nxd4 Nf6 5. Nc3 e5 6. Ndb5 d6 7. Bg5 a6 8. Na3 b5 9. Nd5 Be7 10. Bxf6 Bxf6 11. c4 b4 12. Nc2 a5 13. Qf3 {B33: Sicilian: Pelikan and Sveshnikov Variations} (13. g3) 13... Bg5 {[#]} 14. h4 $1 {[%mdl 512]} Bh6 (14... Bxh4 15. Rxh4) 15. g4 {[#]} g6 $146 ({Predecessor:} 15... f6 16. g5 fxg5 17. Qh5+ Kf8 18. c5 Be6 19. Bb5 Na7 20. Qf3+ Bf7 {½-½ (28) Safarli,E (2660)-Zhigalko,S (2661) Denizli 2013}) 16. Nf6+ Kf8 17. Rd1 Bg7 18. g5 $1 Qc7 (18... a4 $14) 19. h5 $18 h6 $2 (19... Qe7 {is a better chance.} 20. Rg1 gxh5) 20. hxg6 hxg5 {aiming for ...Rxh1.} 21. Nh7+ Ke8 22. c5 dxc5 23. Qf6 $2 (23. Nxg5 $18 Rf8 24. Rh7 fxg6 25. Qb3) 23... Rxh7 $16 (23... Bxf6 $2 24. Nxf6+ Kf8 25. Rxh8+ Kg7 26. Ne8+ Kxh8 27. Nxc7 $18) 24. Qxf7+ Qxf7 25. gxf7+ Kxf7 26. Rxh7 Kg6 27. Rh1 Nd4 28. Nxd4 exd4 29. Rc1 Bf8 30. Bc4 Bg4 31. Rh8 Rc8 32. Kd2 {f4! is the strong threat.} Bh6 33. Rxc8 Bxc8 $18 {[%mdl 4096] Endgame KRB-KB} 34. Re1 g4+ 35. Kc2 Bg5 36. a3 (36. Rh1 $16) 36... Bh4 37. Re2 Kg5 38. e5 Bf5+ 39. Kb3 Kf4 {Hoping for ...d3.} (39... d3 $5 40. Rd2 $8 Kf4 $11) 40. e6 {Threatens to win with e7.} Be7 41. Ka4 d3 42. Rd2 (42. Re3 $1 $11 {was the only way to keep the balance.} d2 43. Be2) 42... Bg5 (42... bxa3 $17 {Strongly threatening ...g3.} 43. Kxa3 (43. bxa3 g3 $17) 43... g3 44. fxg3+ Ke3) 43. Kxa5 g3 $132 {[%mdl 2048] Black is not keeping still} 44. fxg3+ ({Wrong is} 44. axb4 $2 g2 $19) 44... Ke3 $1 {[%cal Re3d2]} 45. Rh2 d2 46. Be2 $2 {[%mdl 8192]} (46. Re2+ $11 Kf3 47. Rxd2 (47. e7 d1=Q $11) 47... Bxd2 48. axb4) 46... bxa3 $19 47. bxa3 Bxe6 $2 (47... Bd8+ $19 48. Kb5 Bd3+ {[%mdl 64] Double Attack} 49. Kxc5 Bxe2) 48. Bd1 $1 $11 Kd3 {And now ...c4 would win.} 49. Rh5 Be3 50. Re5 Ba2 51. Kb5 c4 52. Kb4 {[#]} Bb3 $1 {[%mdl 512]} 53. Bf3 $2 {[%mdl 8192] [#]} (53. Rd5+ $11 Ke4 54. Bxb3 cxb3 55. Rxd2 Bxd2+ 56. Kxb3) (53. Bxb3 cxb3) 53... d1=Q $2 (53... Bf2 $1 $19 {[%cal Rf2e1]} 54. Re6 Be1) 54. Bxd1 Bxd1 55. Rxe3+ $1 Kxe3 {Accuracy: White = 55%, Black = 29%.} 1/2-1/2

[Event "Chile-ch Absolute 2018-19"]
[Site "Santiago"]
[Date "2019.02.22"]
[Round "4.3"]
[White "Lopez Silva, Hugo"]
[Black "Tapia Fuentes, Jaime"]
[Result "1-0"]
[WhiteElo "2413"]
[BlackElo "2259"]
[Annotator "ChessBase"]
[PlyCount "101"]
[EventDate "2019.02.20"]
[EventType "tourn"]
[EventCountry "CHI"]
[SourceTitle "playchess.com"]
[Source "ChessBase"]
[SourceQuality "1"]
[TimeControl "5400+30"]

1. e4 {[%emt 0:03:50]} c5 {[%emt 0:02:30]} 2. Nf3 {[%emt 0:00:24]} Nc6 {[%emt 0:01:54]} 3. d4 {[%emt 0:00:14]} cxd4 {[%emt 0:00:14]} 4. Nxd4 {[%emt 0:00:03]} Qb6 {[%emt 0:01:21]} 5. Nb3 {[%emt 0:00:03]} Nf6 {[%emt 0:00:39]} 6. Nc3 {[%emt 0:00:04]} e6 {[%emt 0:00:17]} 7. a3 {[%emt 0:00:03]} a6 {[%emt 0:01:19]} 8. Bf4 {[%emt 0:00:17]} Be7 {[%emt 0:02:19]} 9. e5 {[%emt 0:01:06]} Ng8 {[%emt 0:04:28]} 10. Ne4 {[%emt 0:14:48]} f5 {[%emt 0:04:17]} 11. Nd6+ {[%emt 0:09:14]} Bxd6 {[%emt 0:00:42]} 12. Qxd6 {[%emt 0:00:04]} Nge7 {[%emt 0:01:09]} 13. Bg5 {[%emt 0:14:30]} Qd8 {[%emt 0:10:48]} 14. Be2 {[%emt 0:04:49]} O-O {[%emt 0:01:19]} 15. O-O-O {[%emt 0:17:42]} h6 {[%emt 0:00:58]} 16. Bxe7 {[%emt 0:01:19]} Nxe7 {[%emt 0:05:09]} 17. Nc5 {[%emt 0:07:01]} Nd5 {[%emt 0:07:19]} 18. Bf3 {[%emt 0:02:14]} Nc7 {[%emt 0:19:25]} 19. Nxd7 {[%emt 0:09:47]} Bxd7 {[%emt 0:00:15]} 20. Qxd7 {[%emt 0:00:02]} Qg5+ {[%emt 0:00:11]} 21. Qd2 {[%emt 0:02:55]} f4 {[%emt 0:00:07]} 22. Qd6 {[%emt 0:00:34]} Rf7 {[%emt 0:03:15]} 23. h4 {[%emt 0:01:48]} Qf5 {[%emt 0:00:22]} 24. Rhe1 {[%emt 0:00:26]} Nb5 {[%emt 0:02:42]} 25. Qd3 {[%emt 0:00:25]} Qxd3 {[%emt 0:00:37]} 26. Rxd3 {[%emt 0:00:02]} Rc8 {[%emt 0:01:05]} 27. h5 {[%emt 0:06:49]} a5 {[%emt 0:15:48]} 28. a4 {[%emt 0:02:28]} Na7 {[%emt 0:00:45]} 29. Rd6 {[%emt 0:00:04]} Re7 {[%emt 0:00:16]} 30. Bg4 {[%emt 0:01:06]} Kf7 {[%emt 0:05:06]} 31. Re4 {[%emt 0:00:17]} Rc5 {[%emt 0:00:26]} 32. Rxf4+ {[%emt 0:00:13]} Ke8 {[%emt 0:00:08]} 33. Re4 {[%emt 0:00:43]} Nc6 {[%emt 0:00:43]} 34. Rxe6 {[%emt 0:01:02]} Rxe6 {[%emt 0:01:40]} 35. Bxe6 {[%emt 0:00:02]} Nxe5 {[%emt 0:00:46]} 36. f4 {[%emt 0:00:59]} Nd3+ {[%emt 0:03:41]} 37. Kd2 {[%emt 0:00:05]} Nxb2 {[%emt 0:00:20]} 38. g4 {[%emt 0:00:51]} Kd8 {[%emt 0:01:07]} 39. Bb3 {[%emt 0:00:34]} b5 {[%emt 0:01:55]} 40. axb5 {[%emt 0:00:17]} a4 {[%emt 0:00:04]} 41. Bxa4 {[%emt 0:00:42]} Nc4+ {[%emt 0:00:14]} 42. Ke2 {[%emt 0:00:31]} Nb6 {[%emt 0:00:23]} 43. Kd3 {[%emt 0:00:31]} Rd5+ {[%emt 0:01:38]} 44. Kc3 {[%emt 0:00:13]} Rc5+ {[%emt 0:00:30]} 45. Kb4 {[%emt 0:00:46]} Nxa4 {[%emt 0:00:11]} 46. Kxa4 {[%emt 0:00:02]} Rxc2 {[%emt 0:00:01]} 47. b6 {[%emt 0:00:51]} Kc8 {[%emt 0:00:33]} 48. Kb5 {[%emt 0:00:15]} Rb2+ {[%emt 0:00:20]} 49. Kc6 {[%emt 0:00:19]} Rc2+ {[%emt 0:00:06]} 50. Kd6 {[%emt 0:00:11]} Rd2+ {[%emt 0:01:20]} 51. Ke6 {[%emt 0:00:03]} 1-0

[Event "Chile-ch Absolute 2018-19"]
[Site "Santiago"]
[Date "2019.02.22"]
[Round "4.4"]
[White "Salinas Herrera, Pablo"]
[Black "Olivares Olivares, Claudio"]
[Result "1/2-1/2"]
[WhiteElo "2477"]
[BlackElo "2387"]
[Annotator "ChessBase"]
[PlyCount "89"]
[EventDate "2019.02.20"]
[EventType "tourn"]
[EventCountry "CHI"]
[SourceTitle "playchess.com"]
[Source "ChessBase"]
[SourceQuality "1"]
[TimeControl "5400+30"]

1. e4 {[%emt 0:00:00]} c5 {[%emt 0:00:06]} 2. Nf3 {[%emt 0:00:00]} d6 {[%emt 0:00:33]} 3. d4 {[%emt 0:00:00]} cxd4 {[%emt 0:00:05]} 4. Qxd4 {[%emt 0:00:00]} Nc6 {[%emt 0:00:08]} 5. Qe3 {[%emt 0:00:00]} Nf6 {[%emt 0:02:03]} 6. Be2 {[%emt 0:00:00]} e6 {[%emt 0:01:17]} 7. O-O {[%emt 0:00:15]} Qc7 {[%emt 0:01:37]} 8. c4 {[%emt 0:04:01]} Be7 {[%emt 0:00:09]} 9. h3 {[%emt 0:00:13]} O-O {[%emt 0:00:10]} 10. Nc3 {[%emt 0:00:06]} a6 {[%emt 0:00:05]} 11. Rd1 {[%emt 0:01:25]} b6 {[%emt 0:01:03]} 12. b3 {[%emt 0:01:32]} Bb7 {[%emt 0:03:02]} 13. Bb2 {[%emt 0:06:41]} Nd7 {[%emt 0:00:06]} 14. Rac1 {[%emt 0:02:17]} Nce5 {[%emt 0:00:16]} 15. Nd4 {[%emt 0:00:14]} Ng6 {[%emt 0:01:08]} 16. g3 {[%emt 0:05:43]} Rfe8 {[%emt 0:00:57]} 17. Bf1 {[%emt 0:00:50]} Bf8 {[%emt 0:00:47]} 18. Bg2 {[%emt 0:00:09]} Rac8 {[%emt 0:00:18]} 19. Nde2 {[%emt 0:10:54]} Qb8 {[%emt 0:03:19]} 20. Kh2 {[%emt 0:03:40]} Ba8 {[%emt 0:01:24]} 21. Ba3 {[%emt 0:04:34]} Nc5 {[%emt 0:03:06]} 22. Bb2 {[%emt 0:09:12]} Rcd8 {[%emt 0:03:24]} 23. Qd2 {[%emt 0:05:09]} Ne5 {[%emt 0:02:40]} 24. Qc2 {[%emt 0:00:07]} Rc8 {[%emt 0:06:51]} 25. f4 {[%emt 0:15:11]} Nc6 {[%emt 0:00:13]} 26. a3 {[%emt 0:00:05]} Na5 {[%emt 0:10:27]} 27. b4 {[%emt 0:00:16]} Nxc4 {[%emt 0:00:05]} 28. bxc5 {[%emt 0:00:02]} Ne3 {[%emt 0:00:10]} 29. Qd3 {[%emt 0:00:04]} Nxd1 {[%emt 0:00:09]} 30. Nxd1 {[%emt 0:00:09]} dxc5 {[%emt 0:02:23]} 31. Qxa6 {[%emt 0:00:32]} Red8 {[%emt 0:01:59]} 32. Be5 {[%emt 0:03:19]} Bd6 {[%emt 0:00:46]} 33. Bxd6 {[%emt 0:00:14]} Rxd6 {[%emt 0:01:36]} 34. Ndc3 {[%emt 0:00:03]} Bb7 {[%emt 0:08:13]} 35. Qc4 {[%emt 0:00:07]} Rd2 {[%emt 0:01:32]} 36. Rb1 {[%emt 0:01:49]} Qa7 {[%emt 0:01:01]} 37. Qb3 {[%emt 0:04:59]} Ba6 {[%emt 0:02:56]} 38. Ng1 {[%emt 0:00:35]} Bd3 {[%emt 0:02:38]} 39. Rc1 {[%emt 0:00:04]} c4 {[%emt 0:03:14]} 40. Qb4 {[%emt 0:00:41]} b5 {[%emt 0:00:19]} 41. Nf3 {[%emt 0:00:10]} Rf2 {[%emt 0:01:11]} 42. Nd1 {[%emt 0:02:54]} Ra2 {[%emt 0:04:36]} 43. Nc3 {[%emt 0:00:04]} Rf2 {[%emt 0:00:48]} 44. Nd1 {[%emt 0:05:05]} Ra2 {[%emt 0:00:33]} 45. Nc3 {[%emt 0:00:30]} 1/2-1/2

[Event "Chile-ch Absolute 2018-19"]
[Site "Santiago"]
[Date "2019.02.22"]
[Round "4.5"]
[White "Henriquez Villagra, Cristobal"]
[Black "Garcia Cardenas, Pablo"]
[Result "1-0"]
[WhiteElo "2508"]
[BlackElo "2449"]
[Annotator "TA"]
[PlyCount "57"]
[EventDate "2019.02.20"]
[EventType "tourn"]
[EventCountry "CHI"]
[SourceTitle "playchess.com"]
[Source "ChessBase"]
[SourceQuality "1"]

{[%evp 11,57,5,24,-6,0,-8,0,-2,38,7,25,25,34,27,32,7,31,0,69,52,160,166,165,162,235,232,245,253,246,244,262,252,346,297,285,288,289,278,352,346,357,274,264,257,629,611,618,608]} 1. e4 e5 2. Bc4 Nf6 3. Nc3 Bc5 4. d3 Nc6 5. Bg5 h6 6. Bh4 Na5 {LiveBook: 3 Games. C28: Vienna Game: 2...Nf6 3 Bc4 Nc6} (6... Be7 {is interesting.} 7. Nf3 d6 8. a4 Bg4 9. h3 Bxf3 10. Qxf3 O-O) 7. a3 (7. f4 {keeps more tension.} d6 8. fxe5 dxe5 9. Nf3 Nxc4 10. dxc4 Be6 11. Qxd8+ Rxd8 12. Nd5) 7... Nxc4 8. dxc4 d6 {The position is equal.} 9. Qd3 $146 ({Predecessor:} 9. f3 Be6 10. Qd3 g5 11. Bg3 Nh5 12. O-O-O Nf4 13. Bxf4 gxf4 {0-1 (34) Yakubboev,N (2556)-Hovhannisyan,R (2637) St Petersburg 2018}) 9... a5 10. Nge2 g5 11. Bg3 Nh5 12. O-O-O {And now Bxe5! would win.} Be6 13. Na4 Ba7 14. Nec3 Qe7 {[#]} (14... Nxg3 $11 15. hxg3 Bxf2) 15. c5 $1 $14 {[%mdl 512]} O-O-O {[#]} ({Black should play} 15... Nxg3 $14 16. cxd6 (16. hxg3 Bxc5 17. Nxc5 dxc5 $11) (16. fxg3 dxc5 17. Nd5 Bxd5 $15) 16... cxd6 17. fxg3 O-O) (15... Bxc5 16. Nxc5) 16. Qb5 $1 $16 {[%cal Rb5a5]} Nxg3 17. hxg3 Bxc5 (17... c6 $142 18. Qxa5 Kb8) 18. Nxc5 $18 ({Stronger than} 18. Qxa5 Bxf2 19. Qa8+ Kd7 $15) 18... dxc5 19. Qxa5 {[%cal Ra5a8]} c6 20. Na4 $40 {[%mdl 128] White is out for blood.} Kb8 21. Nxc5 Bc8 22. Rxd8 Rxd8 23. Rxh6 g4 {Threatens to win with ...Qg5+.} 24. Rh1 Qg5+ 25. Kb1 Qd2 26. Qxd2 Rxd2 27. Nd3 f5 $2 (27... Re2 28. Re1 Rxe1+ 29. Nxe1 Kc7) 28. Re1 fxe4 29. Kc1 {Precision: White = 72%, Black = 27%.} 1-0

[Event "Chile-ch Absolute 2018-19"]
[Site "Santiago"]
[Date "2019.02.22"]
[Round "4.6"]
[White "Torres Bravo, Cristobal"]
[Black "Vergara Jofre, Felipe"]
[Result "1/2-1/2"]
[WhiteElo "2347"]
[BlackElo "2265"]
[Annotator "NA"]
[PlyCount "40"]
[EventDate "2019.02.20"]
[EventType "tourn"]
[EventCountry "CHI"]
[SourceTitle "playchess.com"]
[Source "ChessBase"]
[SourceQuality "1"]
[TimeControl "5400+30"]

1. d4 {[%emt 0:03:12]} Nf6 {[%emt 0:00:00]} 2. c4 {[%emt 0:00:04]} e6 {[%emt 0:00:00]} 3. Nf3 {[%emt 0:00:05]} Bb4+ {[%emt 0:00:00]} 4. Bd2 {[%emt 0:00:11]} Qe7 {[%emt 0:00:00]} 5. g3 {[%emt 0:00:46]} Nc6 {[%emt 0:00:00]} 6. Nc3 {[%emt 0:00:50]} Bxc3 {[%emt 0:01:28]} 7. Bxc3 {[%emt 0:00:06]} Ne4 {[%emt 0:00:04]} 8. Rc1 {[%emt 0:00:26]} d6 {[%emt 0:02:12]} 9. d5 {[%emt 0:00:36]} Nxc3 {[%emt 0:00:05]} 10. Rxc3 {[%emt 0:00:04]} Nd8 {[%emt 0:00:32]} 11. Bg2 {[%emt 0:00:31]} O-O {[%emt 0:10:11]} 12. O-O {[%emt 0:00:44]} Bd7 {[%emt 0:04:03]} 13. Qd2 {[%emt 0:08:03]} a5 {[%emt 0:09:57]} 14. Rd1 {[%emt 0:03:26]} b6 {[%emt 0:08:51]} 15. Re3 {[%emt 0:24:33]} Qf6 {[%emt 0:06:40]} 16. dxe6 {[%emt 0:10:59]} Nxe6 {[%emt 0:02:57]} 17. Ne5 {[%emt 0:06:35]} Rad8 {[%emt 0:00:19]} 18. Nxd7 {[%emt 0:00:22]} Rxd7 {[%emt 0:00:02]} 19. Bh3 {[%emt 0:00:13]} Re7 {[%emt 0:02:10]} 20. Bxe6 {[%emt 0:01:18]} Rxe6 {[%emt 0:02:58]} 1/2-1/2